|
|
|
|
| LEADER |
00812naa a2200205 i 4500 |
| 001 |
acta58601 |
| 005 |
20260224081030.0 |
| 008 |
190613s2005 hu o 100 hun d |
| 040 |
|
|
|a SZTE Egyetemi Kiadványok Repozitórium
|b hun
|
| 041 |
|
|
|a hun
|
| 100 |
1 |
|
|a Szarvas György
|
| 245 |
1 |
0 |
|a WordNet relációk szerepének vizsgálata a jelentésegyértelműsítésben
|h [elektronikus dokumentum] /
|c Szarvas György
|
| 260 |
|
|
|c 2005
|
| 300 |
|
|
|a 423-426
|
| 490 |
0 |
|
|a Magyar Számítógépes Nyelvészeti Konferencia
|v 3
|
| 695 |
|
|
|a Nyelvészet - számítógép alkalmazása
|
| 700 |
0 |
1 |
|a Csendes Dóra
|e aut
|
| 700 |
0 |
1 |
|a Kocsor András
|e aut
|
| 710 |
|
|
|a Magyar Számítógépes Nyelvészeti Konferencia (3.) (2005) (Szeged)
|
| 856 |
4 |
0 |
|u http://acta.bibl.u-szeged.hu/58601/1/msznykonf_003_423-426.pdf
|z Dokumentum-elérés
|